000
00299nam a22001337a 4500
008
180117b xxu||||| |||| 00| 0 eng d
020
_a
0688042198
041
_a
eng
080
_a
7
100
_a
44
101
_a
ART
245
_a
The traveller's photography handbook
_c
Calder,J
942
_2
udc
_c
BK
999
_c
40435
_d
40435